The powers of genre (Record no. 5052)
[ view plain ]
| 000 -LEADER | |
|---|---|
| fixed length control field | 01521nam a2200373Ia 4500 |
| 082 04 - DEWEY DECIMAL CLASSIFICATION NUMBER | |
| Classification number | 398.2/089/967827 |
| 100 1# - MAIN ENTRY--AUTHOR NAME | |
| Personal name | Seitel, Peter. |
| 245 14 - TITLE STATEMENT | |
| Title | The powers of genre |
| 260 ## - PUBLICATION, DISTRIBUTION, ETC. (IMPRINT) | |
| Place of publication | New York : |
| Name of publisher | Oxford University Press, |
| Year of publication | c1999. |
| 300 ## - PHYSICAL DESCRIPTION | |
| Number of Pages | viii, 248 p. |
| 490 1# - SERIES STATEMENT | |
| Series statement | Oxford studies in anthropological linguistics ; |
| 650 #0 - SUBJECT ADDED ENTRY--TOPICAL TERM | |
| Topical Term | Discourse analysis, Narrative |
| Topical Term | Folk literature, Haya |
| Topical Term | Haya (African people) |
| Topical Term | Haya language |
| Topical Term | Oral tradition |
| 856 40 - ELECTRONIC LOCATION AND ACCESS | |
| Uniform Resource Identifier | http://site.ebrary.com/lib/rucke/Doc?id=10278619 |
No items available.
